Diversity amid globalization : (Record no. 56019)
[ view plain ]
| 000 -LEADER | |
|---|---|
| fixed length control field | 00948nam a22001937a 4500 |
| 008 - FIXED-LENGTH DATA ELEMENTS--GENERAL INFORMATION | |
| fixed length control field | 210208b ||||| |||| 00| 0 eng d |
| 020 ## - INTERNATIONAL STANDARD BOOK NUMBER | |
| International Standard Book Number | 0130932914 |
| 020 ## - INTERNATIONAL STANDARD BOOK NUMBER | |
| International Standard Book Number | 9780130932914 |
| 050 ## - LIBRARY OF CONGRESS CALL NUMBER | |
| Classification number | G128 |
| Item number | .D58 2003 |
| 245 ## - TITLE STATEMENT | |
| Title | Diversity amid globalization : |
| Remainder of title | world regions, environment, development / |
| Statement of responsibility, etc | Les Rowntree ... [et al.] |
| 250 ## - EDITION STATEMENT | |
| Edition statement | 2nd ed |
| 260 ## - PUBLICATION, DISTRIBUTION, ETC. (IMPRINT) | |
| Place of publication, distribution, etc | Upper Saddle River, N.J. : |
| Name of publisher, distributor, etc | Prentice Hall, |
| Date of publication, distribution, etc | 2003 |
| 300 ## - PHYSICAL DESCRIPTION | |
| Extent | xxiii, 663 p. : |
| Other physical details | col. ill., col. maps ; |
| Dimensions | 28cm. |
| Accompanying material | 1 CD-ROM (4 3/4 in.) |
| 500 ## - GENERAL NOTE | |
| General note | Includes bibliographical references and index |
| 505 ## - FORMATTED CONTENTS NOTE | |
| Formatted contents note | Diversity Amid Globalization -- Changing Global Environment -- North America -- Latin America -- Caribbean -- Sub-Saharan Africa -- Southwest Asia and North Africa - - Europe -- Russian domain -- Central Asia -- East Asia -- South Asia -- Southeast Asia -- Australia and Oceania |
| 650 ## - SUBJECT ADDED ENTRY--TOPICAL TERM | |
| Topical term or geographic name as entry element | Geography |
| 700 ## - ADDED ENTRY--PERSONAL NAME | |
| Personal name | Rowntree, Lester, |
| Dates associated with a name | 1938- |
| 942 ## - ADDED ENTRY ELEMENTS (KOHA) | |
| Source of classification or shelving scheme | Library of Congress Classification |
| Item type | Book |
| Withdrawn status | Lost status | Source of classification or shelving scheme | Damaged status | Not for loan | Collection code | Home library | Current library | Shelving location | Date acquired | Source of acquisition | Cost, normal purchase price | Total Checkouts | Full call number | Barcode | Date last seen | Date last borrowed | Copy number | Price effective from | Koha item type | Serial Enumeration / chronology |
|---|---|---|---|---|---|---|---|---|---|---|---|---|---|---|---|---|---|---|---|---|
| Library of Congress Classification | Non-fiction | Bishop Okullu Memorial Library (Limuru Campus) | Bishop Okullu Memorial Library (Limuru Campus) | General Circulation | 08/02/2021 | Donations TBN | 1000.00 | 1 | G128 .D58 2003 | 065059 | 22/10/2022 | 19/10/2022 | 1 | 08/02/2021 | Book | |||||
| Library of Congress Classification | Not For Loan | Non-fiction | Bishop Okullu Memorial Library (Limuru Campus) | Bishop Okullu Memorial Library (Limuru Campus) | Processing Center | 08/02/2021 | Donations TBN | 1000.00 | G128 .D58 2003 | 065060 | 08/02/2021 | 1 | 08/02/2021 | CD/DVD | CD/DVD |